| 000 -LEADER |
| fixed length control field |
00570nam a22001697a 4500 |
| 005 - DATE AND TIME OF LATEST TRANSACTION |
| control field |
20231004163150.0 |
| 008 - FIXED-LENGTH DATA ELEMENTS--GENERAL INFORMATION |
| fixed length control field |
231004s1988 enk||||| |||| 00| 0 eng d |
| 020 ## - INTERNATIONAL STANDARD BOOK NUMBER |
| International Standard Book Number |
0859892042 |
| 041 ## - LANGUAGE CODE |
| Language code of text/sound track or separate title |
eng |
| 080 ## - UNIVERSAL DECIMAL CLASSIFICATION NUMBER |
| Universal Decimal Classification number |
94(37) The-44 |
| 245 ## - TITLE STATEMENT |
| Title |
The Administration Of The Roman Empire: 241 BC-AD 193 / |
| Statement of responsibility, etc. |
Edited by David Braund. |
| 264 ## - PRODUCTION, PUBLICATION, DISTRIBUTION, MANUFACTURE, AND COPYRIGHT NOTICE |
| Place of production, publication, distribution, manufacture |
Exeter, |
| Date of production, publication, distribution, manufacture, or copyright notice |
1988. |
| 300 ## - PHYSICAL DESCRIPTION |
| Extent |
109 p.: |
| Other physical details |
ill. ; |
| Dimensions |
21 cm. |
| 653 ## - INDEX TERM--UNCONTROLLED |
| keyword |
რომის იმპერიის ადმინისტრაცია |
| 700 ## - ADDED ENTRY--PERSONAL NAME |
| Personal name |
Braund, David |
| Relator term |
რედაქტორი |
| 9 (RLIN) |
19638 |
| 942 ## - ADDED ENTRY ELEMENTS (KOHA) |
| Source of classification or shelving scheme |
|
| Koha item type |
წიგნი |